טוען...

Katha- Punathil/

מידע ביבליוגרפי
מחבר ראשי: Kunjabdullah Punathil
פורמט: Printed Book
יצא לאור: Kottayam: Sahitya Pravartaka Co-operative Society, 2009.
נושאים:
LEADER 00600nam a22001811a 4500
999 |c 23207  |d 23207 
020 |a 9780000102089 
082 |a M301  |b KUN/K 
100 |a Kunjabdullah Punathil 
245 |a Katha- Punathil/  |c by Kunjabdullah Punathil 
260 |a Kottayam:  |b Sahitya Pravartaka Co-operative Society,  |c 2009. 
300 |a 202p. 
600 |a   
650 |a Stories Malayalam 
650 |a Literature Malayalam 
650 |a Literature 
942 |c BK 
952 |0 0  |1 0  |4 0  |6 M_301_000000000000000_KUN_K  |7 0  |9 32934  |a SSUS  |b SSUS  |c STACKS  |d 2015-01-08  |g 140.00  |o M301 KUN/K  |p 066058  |r 2015-01-08  |v 0.00  |w 2015-01-08  |y BK